Sustainable construction (Record no. 105681)

MARC details
000 -LEADER
fixed length control field 01060cam a2200205 4500
001 - CONTROL NUMBER
control field ##L134448
008 - FIXED-LENGTH DATA ELEMENTS--GENERAL INFORMATION
fixed length control field 060808n2006 000 0 eng u
035 ## - SYSTEM CONTROL NUMBER
System control number (Sirsi) u134448
041 0# - LANGUAGE CODE
Language code of text/sound track or separate title eng
050 04 - LIBRARY OF CONGRESS CALL NUMBER
Classification number 711.1 $2 18
100 1# - MAIN ENTRY--PERSONAL NAME
Personal name Cooper, Ian
245 00 - TITLE STATEMENT
Title Sustainable construction
Remainder of title the policy agenda
260 00 - PUBLICATION, DISTRIBUTION, ETC.
Place of publication, distribution, etc. London
Name of publisher, distributor, etc. The LSE Centre for Environmental Policy and Governance
Date of publication, distribution, etc. 2006
300 ## - PHYSICAL DESCRIPTION
Extent 37p.
Other physical details tables.
Dimensions 30cm.
520 ## - SUMMARY, ETC.
Summary, etc. The LSE's SusCon project sought to examine a number of different aspects of the interrelationship between the planning system and the creation of a more sustainable built environment. This report, which was prepared for the LSE's Centre for Environmental Policy and Guidance, summarises and comments upon the SusCon project, and sets out policy agenda priorities for central, regional and local government.
651 #4 - SUBJECT ADDED ENTRY--GEOGRAPHIC NAME
Geographic name England
Chronological subdivision 886-
690 ## - LOCAL SUBJECT ADDED ENTRY--TOPICAL TERM (OCLC, RLIN)
Topical term or geographic name as entry element ENVIRONMENTAL AND LAND CONSULTANCY-SUSTAINABILITY-SUSTAINABLE DEVELOPMENT
710 2# - ADDED ENTRY--CORPORATE NAME
Corporate name or jurisdiction name as entry element The LSE Centre for Environmental Policy and Governance
9 (RLIN) 5024
942 ## - ADDED ENTRY ELEMENTS (KOHA)
Suppress in OPAC 0
Holdings
Withdrawn status Lost status Source of classification or shelving scheme Damaged status Not for loan Home library Current library Shelving location Date acquired Total Checkouts Full call number Barcode Date last seen Date last checked out Copy number Price effective from Koha item type
    Dewey Decimal Classification     London London Folio 24/08/2006 3 F711.1 COO 30073188 06/08/2019 18/10/2007 1 06/08/2019 Book